000
00261nam a22001097a 4500
008
240308b |||||||| |||| 00| 0 eng d
100
_a
Mawal, Panchaman
_9
9254
245
_a
Sahitya Parikarika
260
_b
Viswa vahanati,
_c
1956.
300
_a
83p.
942
_c
BK
999
_c
38986
_d
38986